LEADER 01274nam a2200193 i 4500 001 000000250381 003 CaOOAMICUS 005 20160801000000.0 008 160801s1730 xx u000 u lat u 013 $a229286 026 $a34d. uese ums- ti&l (3) 1771 (R) 040 $aSeMil$bita 245 10$aTomus 6. 300 $aVIII, 464 [i.e. 504] p. 500 $aSegn. : a4 A-3R4. 773 0 $aAlexandre, Noël <1639-1724>$tR.P. Natalis Alexandri ... Historia ecclesiastica Veteris Novique Testamenti ab orbe condito ad annum post Christum natum millesimum sexcentesimum: et in loca ejusdem insignia dissertationes historicae, chronologicae, criticae, dogmaticae. Opera et studio Constantini Roncaglia lucensis, congregationis matris dei. Qui accedunt, praeter animadversiones a P. Joanne Dominico Mansi ... in secunda lucensi editione insertas, aliae insuper ejusdem auctoris noviter elucubratae. Tomus 1. [-9].$bEditio omnium novissima, notis & animadversionibus, quod historiam & dissertationes novi testamenti, aucta ad castigationem & illustrationem ...$dVenetiis : Sumptibus Societatis, 1771.$g6$w()16710 850 $aSeMil 852 $aSeMil$W1$xVenegono$y1$m3B VIII 14 FA$j200727$B200727$CSeMilBibl$Z2$F212415 $8I 996 $6245$aTomus 6$9(OLS)http://semarc/title/308131 LEADER 00928nam a2200217 i 4500 001 000000064638 003 CaOOAMICUS 005 20100212000000.0 008 100212s1994 it u000 u ita u 013 $a35810 040 $aSeMil$bita 100 1 $aLivetti, Claudio <1931->.$0(OLS)http://semarc/name/32559 245 10$aNella buona e nella cattiva sorte :$bconversazioni radiofoniche /$cClaudio Livetti. 260 $aBusto Arsizio :$bLibreria della Basilica,$c1994. 300 $a55 p. :$bill. ;$c24 cm. 650 4$aMatrimonio - Spiritualità.$0(OLS)http://semarc/subject/9212 850 $aSeMil 852 $aSeMil$W1$xVenegono$y1$m3F V 668$j30791$B30791$CSeMilBibl$Z2$F30794 $81 961 $aOmaggio: Donazione 996 $6245$aNella buona e nella cattiva sorte :$bconversazioni radiofoniche$9(OLS)http://semarc/title/102402 996 $6260$aBusto Arsizio :$bLibreria della Basilica$9(OLS)http://semarc/publisher/39959